00688nam a22002177a 450000500170000001000130001702000260003003500130005603700160006904000120008508200130009710000170011024501090012726000350023627000460027130000250031750000490034265000390039165000180043070000220044820170124110213.0 aA-950962 c125.00a9788120313682 aA-950962 bCen Lib/Ret aDPLbEN a006bNIE aNie, Junhong aFuzzy neural control :cby Junhong Nie [and] Derek A.Linkensbprinciples algorithms and applications / aNew DelhibPrentice Hallc1998 aM-97, Connaught CircusbNew Delhie110001 axii,243p.c23cm(pbk) aIncludes bibliographical reference and index aNeural networks (Computer science) aFuzzy systems aLinkens, Derek A.